[Event "BCF-chT2 2324 (4NCL)"]
[Site "England"]
[Date "2023.11.11"]
[Round "2.33"]
[White "Willson, Ollie"]
[Black "Pitcher, John"]
[Result "1/2-1/2"]
[WhiteElo "2100"]
[BlackElo "2196"]
[PlyCount "92"]
[EventDate "2023.11.11"]
[EventType "team-tourn"]
[EventRounds "11"]
[EventCountry "ENG"]
[SourceTitle "CB46_2023"]
[SourceDate "2023.11.15"]
[SourceVersion "1"]
[SourceVersionDate "2023.11.15"]
[SourceQuality "1"]
[WhiteTeam "Sussex Martlets"]
[BlackTeam "Warwicks Select"]
[WhiteTeamCountry "ENG"]
[BlackTeamCountry "ENG"]

1. e4 c5 2. Nf3 e6 3. d4 cxd4 4. Nxd4 Nc6 5. Nc3 Qc7 6. Be3 a6 7. Qd2 Nf6 8. 0-0-0 Be7 9. f4 b5 10. e5 b4 11. Ncb5 axb5 12. Nxb5 Qb8 13. exf6 gxf6 14. Kb1 d5 15. Qf2 Ba6 16. Bb6 Bxb5 17. Bxb5 Qb7 18. Rhe1 Rb8 19. Bxc6+ Qxc6 20. Bd4 Rg8 21. Rd2 f5 22. Qf3 Rg6 23. Rc1 Qa6 24. b3 Rc8 25. c4 bxc3 26. Bxc3 Kd7 27. Rdc2 Ba3 28. Bb2 Rxc2 29. Rxc2 Bxb2 30. Kxb2 Qb6 31. Qc3 d4 32. Qc8+ Kd6 33. Qf8+ Kd5 34. Qa8+ Kd6 35. Qf8+ Kd5 36. Qa8+ Kd6 37. Rd2 e5 38. Qf8+ Kd5 39. Qxf7+ Ke4 40. Re2+ Kxf4 41. Rf2+ Ke4 42. Qxf5+ Kd5 43. Qf3+ Kd6 44. Qf8+ Kd5 45. Qf3+ Kd6 46. Qf6+ Kd5 1/2-1/2

[Event "BCF-chT3W 2223 (4NCL)"]
[Site "England"]
[Date "2023.05.01"]
[Round "11.12"]
[White "Finn, Peter"]
[Black "Pitcher, John"]
[Result "1/2-1/2"]
[WhiteElo "2285"]
[BlackElo "2321"]
[PlyCount "72"]
[EventDate "2022.10.22"]
[EventType "team-tourn"]
[EventRounds "11"]
[EventCountry "ENG"]
[SourceTitle "EXT 2024"]
[Source "ChessBase"]
[SourceDate "2023.10.10"]
[SourceVersion "1"]
[SourceVersionDate "2023.10.10"]
[SourceQuality "1"]
[WhiteTeam "Kingston"]
[BlackTeam "Warwicks Select"]
[WhiteTeamCountry "ENG"]
[BlackTeamCountry "ENG"]

1. d4 d5 2. c4 c6 3. cxd5 cxd5 4. Nc3 Nf6 5. Bf4 Nc6 6. e3 a6 7. Be2 Bf5 8. Nf3 e6 9. Qb3 Ra7 10. 0-0 Bd6 11. Bxd6 Qxd6 12. Na4 Nd7 13. Rac1 Bg4 14. Nc5 Bxf3 15. Bxf3 Nxc5 16. Rxc5 0-0 17. Qb6 Qb8 18. Rfc1 Ra8 19. R1c3 Qa7 20. Rb3 Qxb6 21. Rxb6 Rfb8 22. Kf1 Kf8 23. Bd1 Nd8 24. Rc7 Rc8 25. Rd7 Ke8 26. Ba4 Rc4 27. b3 Rxa4 28. Rxd8+ Kxd8 29. bxa4 Kc7 30. Rb2 Rd8 31. Rc2+ Kd6 32. Ke2 Rd7 33. Kd3 Rc7 34. Rxc7 Kxc7 35. a5 Kc6 36. a4 Kd6 1/2-1/2

[Event "BCF-ch rapidplay 34th"]
[Site "Bingley"]
[Date "2023.04.16"]
[Round "9"]
[White "Pitcher, John"]
[Black "Gormally, Daniel"]
[Result "0-1"]
[WhiteElo "2210"]
[BlackElo "2434"]
[PlyCount "62"]
[EventDate "2023.04.15"]
[EventType "swiss (rapid)"]
[EventRounds "11"]
[EventCountry "ENG"]
[SourceTitle "CBM 213 Extra"]
[Source "ChessBase"]
[SourceDate "2023.05.31"]
[SourceVersion "1"]
[SourceVersionDate "2023.05.31"]
[SourceQuality "1"]

1. e4 c5 2. Nf3 d6 3. Bb5+ Nd7 4. Ba4 Ngf6 5. 0-0 e6 6. Re1 Be7 7. c3 0-0 8. d4 cxd4 9. cxd4 a6 10. Nc3 b5 11. Bc2 Bb7 12. a3 Rc8 13. e5 dxe5 14. dxe5 Nd5 15. Qd3 g6 16. Bh6 Re8 17. Nxd5 Bxd5 18. Rac1 Qb6 19. Ng5 Rc4 20. Rcd1 Rh4 21. Nxf7 Kxf7 22. Be3 Qc6 23. Bb3 Bxb3 24. Qxb3 Nxe5 25. Bd4 Rg4 26. Qh3 Nf3+ 27. Kh1 Rxd4 28. Qxh7+ Kf6 29. Rxd4 Nxd4 30. Qh4+ Kg7 31. Qxd4+ Bf6 0-1

[Event "BCF-chT3W 2223 (4NCL)"]
[Site "England"]
[Date "2023.01.14"]
[Round "3.21"]
[White "Pitcher, John"]
[Black "Ogunshola, Ben"]
[Result "1/2-1/2"]
[WhiteElo "2204"]
[BlackElo "2104"]
[PlyCount "34"]
[EventDate "2022.10.22"]
[EventType "team-tourn"]
[EventRounds "11"]
[EventCountry "ENG"]
[SourceTitle "EXT 2024"]
[Source "ChessBase"]
[SourceDate "2023.10.10"]
[SourceVersion "1"]
[SourceVersionDate "2023.10.10"]
[SourceQuality "1"]
[WhiteTeam "Warwicks Select"]
[BlackTeam "Brown Jack"]
[WhiteTeamCountry "ENG"]
[BlackTeamCountry "ENG"]

1. d4 Nf6 2. Bf4 d6 3. e3 g6 4. Nf3 Bg7 5. h3 0-0 6. Be2 c5 7. c3 b6 8. Nbd2 Bb7 9. 0-0 Nbd7 10. Bh2 Rc8 11. a4 Ne4 12. Bd3 Nxd2 13. Nxd2 e5 14. Nc4 Qe7 15. dxe5 Nxe5 16. Bxe5 Bxe5 17. a5 d5 1/2-1/2

[Event "BCF-chT 2122 (4NCL)"]
[Site "England"]
[Date "2022.05.02"]
[Round "9.121"]
[White "Onslow, Alfie"]
[Black "Pitcher, John"]
[Result "0-1"]
[WhiteElo "2071"]
[BlackElo "2198"]
[PlyCount "84"]
[EventDate "2021.11.27"]
[EventType "team-swiss"]
[EventRounds "11"]
[EventCountry "ENG"]
[SourceTitle "EXT 2023"]
[Source "ChessBase"]
[SourceDate "2022.10.05"]
[SourceVersion "1"]
[SourceVersionDate "2022.10.05"]
[SourceQuality "1"]
[WhiteTeam "Check Innmates"]
[BlackTeam "Warwicks Select"]
[WhiteTeamCountry "ENG"]
[BlackTeamCountry "ENG"]

1. e4 c5 2. Nf3 e6 3. d4 cxd4 4. Nxd4 Nc6 5. Nc3 Qc7 6. Be3 a6 7. Qf3 Nf6 8. 0-0-0 Ne5 9. Qg3 b5 10. f4 Neg4 11. Bd2 b4 12. Na4 h5 13. Bd3 Bb7 14. h3 Nh6 15. Bxb4 Bxb4 16. e5 Nd5 17. Be4 g6 18. Kb1 Nb6 19. Qb3 Bxe4 20. Qxb4 Nxa4 21. Qxa4 0-0 22. Rhg1 h4 23. Qb4 Nf5 24. Rd2 Rab8 25. Qa4 Qb6 26. b3 Qb4 27. Qxb4 Rxb4 28. Nxf5 Bxf5 29. Rf1 Rc8 30. Rff2 Rb7 31. Kb2 Kf8 32. Rd4 Ke7 33. c4 Rc6 34. Rfd2 a5 35. Ka3 Rcb6 36. Ka4 Ra7 37. c5 Rbb7 38. Rc4 Ra8 39. a3 Rab8 40. Rb2 Bd3 41. Rd4 Bb5+ 42. Kxa5 Bc6 0-1

[Event "Checkmate Covid Rematch"]
[Site "Chess.com INT"]
[Date "2021.06.06"]
[Round "?"]
[White "Royal, Shreyas"]
[Black "Pitcher, John"]
[Result "1-0"]
[WhiteElo "2121"]
[BlackElo "2210"]
[PlyCount "103"]
[EventDate "2021.06.05"]
[EventType "swiss (blitz)"]
[EventRounds "20"]
[EventCountry "ENG"]
[SourceTitle "CBM 202 Extra"]
[Source "ChessBase"]
[SourceDate "2021.07.31"]
[SourceVersion "1"]
[SourceVersionDate "2021.07.31"]
[SourceQuality "1"]

1. d4 d5 2. c4 c6 3. Nf3 Nf6 4. Nc3 a6 5. c5 Nbd7 6. e3 e5 7. dxe5 Ne4 8. Nxe4 dxe4 9. Nd2 Nxc5 10. b4 Nd3+ 11. Bxd3 Qxd3 12. Rb1 Be6 13. a3 a5 14. Qe2 axb4 15. Qxd3 exd3 16. axb4 Ra4 17. b5 Bb4 18. bxc6 bxc6 19. 0-0 0-0 20. Ne4 Bf5 21. Ng3 Bg6 22. Rxb4 Rxb4 23. Ba3 c5 24. Bxb4 cxb4 25. f4 f5 26. Rb1 d2 27. Kf1 Rd8 28. Ke2 b3 29. Kd1 Bf7 30. Rb2 Be6 31. Rxd2 Ra8 32. Rb2 Ra1+ 33. Kd2 Rg1 34. Kc3 Re1 35. Ne2 Rh1 36. Nd4 Kf7 37. Nxe6 Kxe6 38. g3 Re1 39. Kd3 Rd1+ 40. Kc4 Re1 41. Kd3 Rd1+ 42. Ke2 Rh1 43. Kf3 g5 44. Kg2 Re1 45. Rxb3 h5 46. fxg5 Kxe5 47. Rb5+ Ke6 48. Kf2 Rh1 49. h4 Rc1 50. Rb6+ Ke7 51. Rh6 Rc4 52. Rxh5 1-0

[Event "BCF-chT2a 1920 (4NCL)"]
[Site "Daventry"]
[Date "2020.02.29"]
[Round "1.21"]
[White "Pitcher, John"]
[Black "Moreby, James"]
[Result "0-1"]
[WhiteElo "2241"]
[BlackElo "2220"]
[PlyCount "100"]
[EventDate "2020.01.11"]
[EventType "team-tourn"]
[EventRounds "11"]
[EventCountry "ENG"]
[SourceTitle "CBM 195 Extra"]
[Source "ChessBase"]
[SourceDate "2020.05.31"]
[SourceVersion "1"]
[SourceVersionDate "2020.05.31"]
[SourceQuality "1"]
[WhiteTeam "Warwicks Select"]
[BlackTeam "North East England"]
[WhiteTeamCountry "ENG"]
[BlackTeamCountry "ENG"]

1. e4 e5 2. Bc4 Bc5 3. Nc3 d6 4. d3 c6 5. Nf3 Nf6 6. Bb3 a5 7. a4 h6 8. Ne2 Nbd7 9. Ng3 Nf8 10. 0-0 Ng6 11. d4 exd4 12. Nxd4 0-0 13. c3 Re8 14. h3 Nh4 15. Re1 d5 16. e5 Nd7 17. Qh5 Ng6 18. e6 Nf6 19. exf7+ Kxf7 20. Rxe8 Qxe8 21. Qd1 Bd6 22. Ngf5 Bb8 23. Bc2 c5 24. Nf3 b6 25. Qd3 Ne5 26. Nxh6+ Kf8 27. Nxe5 Qxe5 28. g3 Qe1+ 29. Kg2 Bxh3+ 30. Kh2 Bg4 31. Be3 Qxa1 32. Qg6 Bh5 33. Qf5 Bd6 34. Bg5 Qf1 35. Bxf6 g6 36. Be7+ Kxe7 37. Qf7+ Kd8 38. Qf6+ Kc7 39. Nf7 Bxg3+ 40. Kxg3 Qg1+ 41. Kh3 Qg4+ 42. Kh2 Re8 43. Nd6 Re6 44. Nb5+ Kc6 45. Qf8 Qh4+ 46. Kg2 Qg5+ 47. Kh2 Qe5+ 48. Kg2 Re8 49. Qf7 Qe7 50. Qf4 Rf8 0-1

[Event "BCF-chT2a 1920 (4NCL)"]
[Site "Daventry"]
[Date "2020.02.09"]
[Round "6.31"]
[White "Keetman, Maaike"]
[Black "Pitcher, John"]
[Result "0-1"]
[WhiteElo "2193"]
[BlackElo "2241"]
[PlyCount "66"]
[EventDate "2020.01.11"]
[EventType "team-tourn"]
[EventRounds "11"]
[EventCountry "ENG"]
[SourceTitle "CBM 194 Extra"]
[Source "ChessBase"]
[SourceDate "2020.03.31"]
[SourceVersion "1"]
[SourceVersionDate "2020.03.31"]
[SourceQuality "1"]
[WhiteTeam "Chessable White Rose II"]
[BlackTeam "Warwicks Select"]
[WhiteTeamCountry "ENG"]
[BlackTeamCountry "ENG"]

1. e4 c5 2. Nf3 e6 3. d4 cxd4 4. Nxd4 a6 5. Bd3 Qc7 6. 0-0 Nc6 7. Nxc6 bxc6 8. c4 Nf6 9. Nc3 e5 10. h3 Be7 11. Qe2 d6 12. c5 d5 13. b4 0-0 14. f4 a5 15. exd5 Nxd5 16. Qe4 Nf6 17. Qe2 axb4 18. fxe5 bxc3 19. exf6 Bxc5+ 20. Kh1 g6 21. Bf4 Qd8 22. Rad1 Re8 23. Bxg6 hxg6 24. Rxd8 Rxd8 25. Rc1 Be6 26. Rc2 Bd4 27. Be5 c5 28. Kh2 Rd5 29. Bxd4 cxd4 30. Qf3 Rad8 31. Qf4 Rf5 32. Qh4 d3 33. Rf2 Rh5 0-1

[Event "BCF-chT2 1819 (4NCL) Demotion"]
[Site "England"]
[Date "2019.05.04"]
[Round "9.61"]
[White "Pitcher, John"]
[Black "Bullen, Alex"]
[Result "1/2-1/2"]
[WhiteElo "2261"]
[BlackElo "2100"]
[PlyCount "54"]
[EventDate "2018.11.10"]
[EventType "team-tourn"]
[EventRounds "11"]
[EventCountry "ENG"]
[SourceTitle "EXT 2021"]
[Source "ChessBase"]
[SourceDate "2020.10.23"]
[SourceVersion "1"]
[SourceVersionDate "2020.10.23"]
[SourceQuality "1"]
[WhiteTeam "Warwicks Select"]
[BlackTeam "West is Best II"]
[WhiteTeamCountry "ENG"]
[BlackTeamCountry "ENG"]

1. e4 c6 2. d4 d5 3. e5 Bf5 4. Nf3 e6 5. Be2 Nd7 6. 0-0 Ne7 7. c4 dxc4 8. Bxc4 Nb6 9. Be2 Ned5 10. Nc3 Be7 11. h3 0-0 12. a3 Rc8 13. Bd2 c5 14. Nb5 a6 15. dxc5 Bxc5 16. Nbd4 Bg6 17. Qb3 Qd7 18. Rfc1 Qa4 19. Qxa4 Nxa4 20. b3 Bxd4 21. Nxd4 Nac3 22. Bf1 Ne4 23. Be1 Nc5 24. Rd1 Nd7 25. f4 Nxf4 26. Nxe6 Nxe6 27. Rxd7 Nc5 1/2-1/2

[Event "BCF-chT2 1819 (4NCL) Demotion"]
[Site "England"]
[Date "2019.03.17"]
[Round "8.61"]
[White "Isaakidis, Alexandros"]
[Black "Pitcher, John"]
[Result "0-1"]
[WhiteElo "2188"]
[BlackElo "2261"]
[PlyCount "126"]
[EventDate "2018.11.10"]
[EventType "team-tourn"]
[EventRounds "11"]
[EventCountry "ENG"]
[SourceTitle "EXT 2021"]
[Source "ChessBase"]
[SourceDate "2020.10.23"]
[SourceVersion "1"]
[SourceVersionDate "2020.10.23"]
[SourceQuality "1"]
[WhiteTeam "Wessex"]
[BlackTeam "Warwicks Select"]
[WhiteTeamCountry "ENG"]
[BlackTeamCountry "ENG"]

1. e4 c5 2. Nf3 e6 3. d4 cxd4 4. Nxd4 Nc6 5. Nc3 Qc7 6. Be3 a6 7. Qf3 b5 8. 0-0-0 Bb7 9. Qg3 Qxg3 10. hxg3 Rc8 11. f3 Bc5 12. Nf5 Bxe3+ 13. Nxe3 f6 14. Be2 Nh6 15. Rd2 Ke7 16. Rhd1 Rhd8 17. Kb1 Na5 18. Rc1 Nf7 19. a4 b4 20. Na2 b3 21. Nb4 Ne5 22. c3 Ra8 23. Rcd1 d6 24. Kc1 Nec6 25. Nd3 Rac8 26. Rh1 h6 27. Rh5 Ne5 28. Nb4 Rc5 29. g4 Ra8 30. Rh1 Nac6 31. Kb1 a5 32. Nxc6+ Bxc6 33. Rd4 Rb8 34. Rhd1 Rd8 35. R1d2 Be8 36. Bd1 Nc6 37. Rc4 Rb8 38. Rxc5 dxc5 39. Nc4 Ne5 40. Nxa5 Bxa4 41. f4 Rb5 42. fxe5 Rxa5 43. c4 fxe5 44. Rd3 Ra8 45. Bxb3 Bc6 46. Bc2 Rf8 47. Rf3 Rxf3 48. gxf3 Kf6 49. Ka2 Kg5 50. Ka3 g6 51. b4 cxb4+ 52. Kxb4 h5 53. gxh5 gxh5 54. Bd3 Kf4 55. Kc5 Ba4 56. Kd6 h4 57. Bf1 Bd1 58. Bg2 Be2 59. c5 Bb5 60. Kxe6 Kg3 61. Bh1 Kh2 62. Kxe5 Kxh1 63. Kf4 Kg2 0-1

[Event "BCF-chT2a 1819 (4NCL)"]
[Site "England"]
[Date "2019.03.16"]
[Round "7.41"]
[White "Pitcher, John"]
[Black "Polaczek, Richard"]
[Result "0-1"]
[WhiteElo "2250"]
[BlackElo "2380"]
[PlyCount "82"]
[EventDate "2018.11.10"]
[EventType "team-tourn"]
[EventRounds "11"]
[EventCountry "ENG"]
[SourceTitle "EXT 2021"]
[Source "ChessBase"]
[SourceDate "2020.10.23"]
[SourceVersion "1"]
[SourceVersionDate "2020.10.23"]
[SourceQuality "1"]
[WhiteTeam "Warwicks Select"]
[BlackTeam "Manchester Manticores"]
[WhiteTeamCountry "ENG"]
[BlackTeamCountry "ENG"]

1. e4 e6 2. d4 d5 3. Bd3 Nf6 4. e5 Nfd7 5. f4 c5 6. c3 Nc6 7. Nf3 Qb6 8. Bc2 f6 9. a3 Be7 10. 0-0 0-0 11. Kh1 f5 12. b3 a5 13. Be3 Ndb8 14. Nbd2 Na6 15. Qe2 Bd7 16. Qf2 Rac8 17. dxc5 Bxc5 18. Nd4 Nxd4 19. cxd4 Be7 20. Bd3 Rc3 21. Be2 Bb5 22. Rfe1 Nc7 23. a4 Bxe2 24. Qxe2 Na6 25. Rac1 Qb4 26. Bf2 Rfc8 27. Rxc3 Qxc3 28. Qb5 Qc2 29. Rg1 Qxd2 30. Qxb7 Rc7 31. Qxa6 Kf7 32. Qb6 Rc2 33. Be1 Qxf4 34. Bxa5 Qe3 35. h3 f4 36. Qb5 f3 37. Qf1 f2 38. Be1 Qxe1 39. Qxe1 fxe1Q 40. Rxe1 Rd2 41. a5 Ra2 0-1

[Event "BCF-chT2a 1819 (4NCL)"]
[Site "England"]
[Date "2019.02.09"]
[Round "5.21"]
[White "Pitcher, John"]
[Black "Baker, Chris W"]
[Result "1/2-1/2"]
[WhiteElo "2250"]
[BlackElo "2287"]
[PlyCount "87"]
[EventDate "2018.11.10"]
[EventType "team-tourn"]
[EventRounds "11"]
[EventCountry "ENG"]
[SourceTitle "EXT 2021"]
[Source "ChessBase"]
[SourceDate "2020.10.23"]
[SourceVersion "1"]
[SourceVersionDate "2020.10.23"]
[SourceQuality "1"]
[WhiteTeam "Warwicks Select"]
[BlackTeam "The ADS"]
[WhiteTeamCountry "ENG"]
[BlackTeamCountry "ENG"]

1. e4 e5 2. Bc4 Nf6 3. d3 Nc6 4. Nc3 Na5 5. Qf3 Nxc4 6. dxc4 d6 7. Nge2 Be6 8. b3 c6 9. 0-0 Be7 10. a4 0-0 11. Ba3 Qc7 12. Rad1 Ne8 13. Ng3 g6 14. Qe3 Qb6 15. Qh6 Qd8 16. Bc1 f6 17. Rd3 Rf7 18. f4 exf4 19. Qxf4 Qa5 20. Qf2 Ng7 21. Bd2 Qc7 22. Bf4 g5 23. Bd2 a6 24. Nf5 Bxf5 25. exf5 Bf8 26. Qd4 Re8 27. Ne4 Re5 28. Ng3 d5 29. cxd5 Rxd5 30. Qe4 Re7 31. Qf3 Qb6+ 32. Kh1 Ree5 33. Bc3 Rxd3 34. Qxd3 Rd5 35. Qc4 Be7 36. Ne4 Qd8 37. Nxg5 b5 38. Qe2 Rxf5 39. Rxf5 Nxf5 40. Ne6 Qd5 41. Nf4 Qd7 42. Qg4+ Kf7 43. Qh5+ Kg8 44. Qg4+ 1/2-1/2

[Event "BCF-chT2 1718 (4NCL) Demotion pool"]
[Site "England"]
[Date "2018.05.07"]
[Round "11.61"]
[White "Tukpetov, Evgeny"]
[Black "Pitcher, John"]
[Result "0-1"]
[WhiteElo "2240"]
[BlackElo "2248"]
[PlyCount "134"]
[EventDate "2017.11.11"]
[EventType "team-tourn"]
[EventRounds "11"]
[EventCountry "ENG"]
[SourceTitle "EXT 2020"]
[Source "ChessBase"]
[SourceDate "2019.10.17"]
[SourceVersion "1"]
[SourceVersionDate "2019.10.17"]
[SourceQuality "1"]
[WhiteTeam "Kings Head"]
[BlackTeam "Warwicks Select"]
[WhiteTeamCountry "ENG"]
[BlackTeamCountry "ENG"]

1. b3 c5 2. Bb2 Nf6 3. e3 e6 4. Nf3 Nc6 5. d4 d5 6. Nbd2 Be7 7. Bd3 0-0 8. a3 Qb6 9. c4 cxd4 10. exd4 dxc4 11. Nxc4 Qd8 12. 0-0 Bd7 13. Nce5 Rc8 14. Qe2 Be8 15. Rfd1 Qd5 16. Bc4 Qd6 17. b4 a6 18. Rac1 Na7 19. Ng5 Bb5 20. Ne4 Qd8 21. Nc5 b6 22. Nxa6 Rxc4 23. Nxc4 Bxa6 24. Qc2 Nd5 25. Ne5 Bg5 26. Ra1 Qd6 27. Qa4 b5 28. Qb3 Bb7 29. Qf3 Ba8 30. Qg4 Bf4 31. Qh3 Nc6 32. Nd3 Bh6 33. Qg3 Qxg3 34. hxg3 Nb6 35. Bc1 Bxc1 36. Raxc1 Nxd4 37. Rc5 Na4 38. Rc7 Nc3 39. Re1 Nd5 40. Rc5 Nb3 41. Rxb5 Bc6 42. Rxd5 Bxd5 43. a4 Ra8 44. Nb2 Kf8 45. Re3 Ke7 46. Rc3 Kd7 47. f3 Rc8 48. Rxc8 Kxc8 49. Kf2 Kc7 50. Ke3 e5 51. Kd3 Nd4 52. g4 f6 53. Nd1 Kc6 54. Nc3 Bb3 55. f4 Bd5 56. fxe5 fxe5 57. b5+ Kc5 58. g3 Bg2 59. Nd1 Kb4 60. Ne3 Bf3 61. b6 Ne6 62. Nf5 Bc6 63. Nd6 Nc5+ 64. Ke3 Kxa4 65. Nf7 Kb5 66. Nxe5 Kxb6 67. Nf7 Ne6 0-1

[Event "BCF-chT2 1718 (4NCL) Demotion pool"]
[Site "England"]
[Date "2018.05.06"]
[Round "10.53"]
[White "Pitcher, John"]
[Black "Shaw, Peter"]
[Result "1-0"]
[WhiteElo "2248"]
[BlackElo "2122"]
[PlyCount "83"]
[EventDate "2017.11.11"]
[EventType "team-tourn"]
[EventRounds "11"]
[EventCountry "ENG"]
[SourceTitle "EXT 2020"]
[Source "ChessBase"]
[SourceDate "2019.10.17"]
[SourceVersion "1"]
[SourceVersionDate "2019.10.17"]
[SourceQuality "1"]
[WhiteTeam "Warwicks Select"]
[BlackTeam "White Rose II"]
[WhiteTeamCountry "ENG"]
[BlackTeamCountry "ENG"]

1. e4 e6 2. d3 d5 3. Nd2 Nf6 4. Ngf3 c5 5. g3 Nc6 6. Bg2 g6 7. 0-0 Bg7 8. c3 0-0 9. Re1 a5 10. a4 b6 11. exd5 exd5 12. Nb3 Re8 13. Rxe8+ Qxe8 14. d4 c4 15. Nbd2 Bf5 16. b3 cxb3 17. Qxb3 Qd8 18. Ba3 Bf8 19. Bxf8 Kxf8 20. Ne5 Nxe5 21. dxe5 Ne4 22. Nxe4 dxe4 23. Rd1 Qe7 24. Qxb6 Qxe5 25. Qe3 Kg7 26. Rd4 Re8 27. g4 Be6 28. Rxe4 Qb8 29. h4 Bd7 30. Qd4+ Kg8 31. Qxd7 Qb1+ 32. Kh2 Rxe4 33. Bxe4 Qxe4 34. Qd8+ Kg7 35. Qd4+ Qxd4 36. cxd4 Kf6 37. Kg3 Ke6 38. Kf4 Kd5 39. Ke3 f5 40. gxf5 gxf5 41. Kd3 h5 42. f4 1-0

[Event "BCF-chT2 1718 (4NCL) Demotion pool"]
[Site "England"]
[Date "2018.05.05"]
[Round "9.83"]
[White "Brett, Andrew"]
[Black "Pitcher, John"]
[Result "1-0"]
[WhiteElo "2103"]
[BlackElo "2248"]
[PlyCount "53"]
[EventDate "2017.11.11"]
[EventType "team-tourn"]
[EventRounds "11"]
[EventCountry "ENG"]
[SourceTitle "EXT 2020"]
[Source "ChessBase"]
[SourceDate "2019.10.17"]
[SourceVersion "1"]
[SourceVersionDate "2019.10.17"]
[SourceQuality "1"]
[WhiteTeam "Barbican Youth"]
[BlackTeam "Warwicks Select"]
[WhiteTeamCountry "ENG"]
[BlackTeamCountry "ENG"]

1. e4 c5 2. Nf3 e6 3. d4 cxd4 4. Nxd4 a6 5. Nc3 Nc6 6. Nxc6 bxc6 7. Bd3 d5 8. 0-0 Nf6 9. Qf3 Be7 10. Qg3 g6 11. Re1 Nh5 12. Qf3 Rb8 13. Qe2 a5 14. exd5 0-0 15. dxc6 Qc7 16. Bb5 Rd8 17. a4 Bd6 18. g3 f5 19. Bg5 Rf8 20. Rad1 f4 21. g4 f3 22. Qd3 Bxh2+ 23. Kh1 Be5 24. gxh5 Bf6 25. Bxf6 Qf4 26. Be5 Qh4+ 27. Bh2 1-0

[Event "BCF-chT2 1718 (4NCL) Demotion pool"]
[Site "England"]
[Date "2018.03.18"]
[Round "8.71"]
[White "Pitcher, John"]
[Black "Cumming, Rhys"]
[Result "1/2-1/2"]
[WhiteElo "2248"]
[BlackElo "2200"]
[PlyCount "57"]
[EventDate "2017.11.11"]
[EventType "team-tourn"]
[EventRounds "11"]
[EventCountry "ENG"]
[SourceTitle "EXT 2020"]
[Source "ChessBase"]
[SourceDate "2019.10.17"]
[SourceVersion "1"]
[SourceVersionDate "2019.10.17"]
[SourceQuality "1"]
[WhiteTeam "Warwicks Select"]
[BlackTeam "Sussex Martlets"]
[WhiteTeamCountry "ENG"]
[BlackTeamCountry "ENG"]

1. e4 e5 2. Bc4 Nf6 3. d3 c6 4. Nf3 Be7 5. 0-0 d6 6. c3 0-0 7. Bb3 Nbd7 8. Re1 Nc5 9. Bc2 Bg4 10. Nbd2 Ne6 11. Nf1 Nd7 12. h3 Bh5 13. Ng3 Bxf3 14. Qxf3 g6 15. Bh6 Re8 16. Be3 Bg5 17. d4 Bxe3 18. fxe3 Qf6 19. Rf1 Qxf3 20. gxf3 c5 21. Rad1 Nb6 22. Bb3 cxd4 23. cxd4 Rac8 24. Ne2 Nc4 25. Bxc4 Rxc4 26. dxe5 Rc2 27. Rf2 dxe5 28. Nc3 Rxf2 29. Kxf2 1/2-1/2